| 000 | 00465nam a2200157Ia 4500 | ||
|---|---|---|---|
| 999 |
_c17227 _d17227 |
||
| 003 | OSt | ||
| 005 | 20200606120037.0 | ||
| 008 | 190216s9999||||xx |||||||||||||| ||und|| | ||
| 040 | _cMESKC library | ||
| 082 |
_a891.43 _bNAI/B |
||
| 100 |
_aNair, Rajagopalan _9380 |
||
| 245 | 0 |
_aBharathiya Ramakatha / _c Rajagopalan Nair |
|
| 260 |
_bPriya Prashanth Nagar, _aTrivandrum: |
||
| 300 | _a160p | ||
| 942 |
_cBK _2ddc _h891.43 _iNAI/B _k891.43 _mNAI/B |
||